[Event "Open Est 2016-2017"]
[Site "Aubagne"]
[Date "2016.10.15"]
[Round "2.10"]
[White "Pelopidas, Florian"]
[Black "Besucco, Guy"]
[Result "1-0"]
[WhiteElo "1559"]
[BlackElo "1348"]
[PlyCount "107"]
[EventDate "2016.??.??"]
[WhiteTeam "L'Echiquier du Roy René"]
[BlackTeam "La Ciotat Echecs (LCE)"]

1. d4 Nf6 2. c4 d6 3. Nc3 e6 4. e4 c5 5. d5 g6 6. Nf3 Bg7 7. Bd3 O-O 8. O-O a6
9. a4 e5 10. Bg5 h6 11. Be3 Bg4 12. h3 Bxf3 13. Qxf3 Nbd7 14. Qe2 Nh5 15. Qd2
Kh7 16. Be2 Nhf6 17. f4 Ng8 18. f5 g5 19. g3 Ndf6 20. Rfb1 Nd7 21. b4 b6 22.
bxc5 dxc5 23. Rb2 Ne7 24. a5 Nc8 25. axb6 Ncxb6 26. Rba2 Qc8 27. Na4 Nxa4 28.
Rxa4 Nf6 29. Bd3 g4 30. h4 Nh5 31. Kg2 Rd8 32. Ra5 Bf8 33. Qa2 Qb7 34. Bxc5
Bxc5 35. Rxc5 Qb6 36. Ra5 Qe3 37. Ra3 Qxg3+ 38. Kf1 Qf4+ 39. Qf2 Ng3+ 40. Ke1
Qxf2+ 41. Kxf2 Nh5 42. c5 g3+ 43. Kf3 Rg8 44. Bf1 Nf4 45. Bg2 Rab8 46. R1a2 Rb1
47. Rc2 Rd1 48. c6 Nd3 49. Ke2 Nf2 50. c7 Rc8 51. Rxg3 Nh1 52. Kxd1 Nxg3 53. d6
Nh5 54. d7 1-0

[Event "Open Est 2016-2017"]
[Site "Aubagne"]
[Date "2016.10.15"]
[Round "2.11"]
[White "Borrini, Rodrigue"]
[Black "Favarel-Lubeigt, Helina"]
[Result "1/2-1/2"]
[WhiteElo "1222"]
[BlackElo "1554"]
[PlyCount "71"]
[EventDate "2016.??.??"]
[WhiteTeam "L'Echiquier du Roy René"]
[BlackTeam "L'Echiquier du Roy René"]

1. d4 Nf6 2. Nf3 g6 3. e3 Bg7 4. Bd3 d5 5. O-O O-O 6. Nbd2 Bg4 7. c3 Nbd7 8.
Re1 e5 9. dxe5 Nxe5 10. Be2 Nxf3+ 11. Bxf3 Bxf3 12. Nxf3 c6 13. Qd3 Re8 14. Bd2
Ne4 15. Rad1 Qb6 16. Bc1 Rad8 17. Nd4 Qa5 18. Qb1 Be5 19. f3 Nd6 20. Rd3 Qc7
21. h3 Nc4 22. Red1 Bh2+ 23. Kh1 Bg3 24. Ne2 Be5 25. b3 Nd6 26. Bb2 Nf5 27. Qc2
Bg7 28. Qd2 Qe7 29. Bc1 Bh6 30. f4 Rd6 31. Nd4 Ng3+ 32. Kh2 Ne4 33. Qe1 Nc5 34.
R3d2 Bxf4+ 35. Kh1 Qxe3 36. Re2 1/2-1/2

[Event "Open Est 2016-2017"]
[Site "Aubagne"]
[Date "2016.10.15"]
[Round "2.12"]
[White "Cavanihac, Claude"]
[Black "Periale, Albert"]
[Result "1-0"]
[WhiteElo "1504"]
[BlackElo "1274"]
[PlyCount "102"]
[EventDate "2016.??.??"]
[WhiteTeam "Cercle d'Echecs Aubagnais"]
[BlackTeam "Cercle d'Echecs Aubagnais"]

1. d4 d5 2. c4 Nf6 3. Nc3 e6 4. cxd5 exd5 5. Bg5 Be7 6. e3 Nc6 7. Rc1 Bf5 8.
Bd3 Bxd3 9. Qxd3 O-O 10. Qb5 Rb8 11. Bxf6 Bxf6 12. Nxd5 Bg5 13. Nf3 Bh6 14. Nc3
Re8 15. O-O a6 16. Qc5 Qe7 17. Ne2 Qxc5 18. Rxc5 Rbc8 19. a3 g6 20. Rfc1 Re7
21. Nc3 Rd7 22. Nd5 Bg7 23. b4 f6 24. Nf4 Ne7 25. Ne6 c6 26. Nd2 Kf7 27. Nxg7
Kxg7 28. Nc4 Rcd8 29. Nb6 Rd6 30. Kf1 Nc8 31. Nxc8 Rxc8 32. d5 Kf7 33. dxc6
Rcxc6 34. Rxc6 Rxc6 35. Rxc6 bxc6 36. Ke2 Ke6 37. Kd3 f5 38. Kd4 Kd6 39. g3 h6
40. f4 g5 41. e4 gxf4 42. gxf4 fxe4 43. Kxe4 Ke6 44. Kd4 Kf5 45. Kc5 Kxf4 46.
Kxc6 h5 47. Kb6 h4 48. Kxa6 h3 49. b5 Kf3 50. b6 Kg2 51. b7 Kxh2 1-0

[Event "Open Est 2016-2017"]
[Site "Aubagne"]
[Date "2016.10.15"]
[Round "2.13"]
[White "Soulet, Kylian"]
[Black "Andonian, Pierre"]
[Result "0-1"]
[WhiteElo "1150"]
[BlackElo "1502"]
[PlyCount "76"]
[EventDate "2016.??.??"]
[WhiteTeam "Cassis Echecs"]
[BlackTeam "Echiquier Marseillais 1872"]

1. d4 c6 2. e4 d6 3. Nf3 Qc7 4. Bf4 Nd7 5. e5 e6 6. Nc3 dxe5 7. dxe5 Bb4 8. Qd3
Ne7 9. a3 Bxc3+ 10. Qxc3 Nd5 11. Qd2 O-O 12. O-O-O b5 13. g4 N5b6 14. b3 a5 15.
h4 a4 16. Be3 axb3 17. Bc5 b2+ 18. Kxb2 Na4+ 19. Ka2 Naxc5 20. Ra1 Ne4 21. Qe1
Nc3+ 22. Kb2 Qb6 23. Bg2 b4 24. Kc1 Rxa3 25. Rxa3 bxa3 26. Kd2 a2 27. Ng5 Nb1+
28. Qxb1 axb1=Q 29. Rxb1 Qxb1 30. Be4 Qb4+ 31. Kd3 Ba6+ 32. c4 Qxc4+ 33. Kd2
Qe2+ 34. Kc1 Rb8 35. Bxh7+ Kf8 36. Bd3 Bxd3 37. Nh7+ Ke7 38. Nf6 Qc2# 0-1

[Event "Open Est 2016-2017"]
[Site "Aubagne"]
[Date "2016.10.15"]
[Round "2.14"]
[White "Benezra, Ruthy"]
[Black "Periale, Francine"]
[Result "1-0"]
[WhiteElo "1496"]
[BlackElo "1146"]
[PlyCount "45"]
[EventDate "2016.??.??"]
[WhiteTeam "L'Echiquier du Roy René"]
[BlackTeam "Cercle d'Echecs Aubagnais"]

1. e4 c5 2. Nc3 Nc6 3. f4 e6 4. Bc4 g6 5. Nf3 Bg7 6. d3 a6 7. a4 Na5 8. Ba2 Nc6
9. O-O Nd4 10. f5 gxf5 11. exf5 Nxf5 12. Ne4 Qe7 13. g4 Nh4 14. Nxh4 Qxh4 15.
Bg5 Qxg5 16. Nxg5 Nh6 17. Qf3 O-O 18. Qe4 f5 19. gxf5 Nf7 20. fxe6 Nxg5 21. e7+
Kh8 22. exf8=Q+ Bxf8 23. Qe5+ 1-0

[Event "Open Est 2016-2017"]
[Site "Aubagne"]
[Date "2016.10.15"]
[Round "2.15"]
[White "Catanese, Sauveur"]
[Black "Gutman, Leni"]
[Result "0-1"]
[WhiteElo "1120"]
[BlackElo "1485"]
[PlyCount "58"]
[EventDate "2016.??.??"]
[WhiteTeam "Cercle d'Echecs Aubagnais"]
[BlackTeam "Marseille Echecs"]

1. d4 Nf6 2. c4 g6 3. Nc3 d5 4. b3 Bg7 5. Nf3 O-O 6. e3 c5 7. Be2 Nc6 8. O-O
dxc4 9. bxc4 Qa5 10. Bd2 Nxd4 11. Nd5 Qd8 12. exd4 Nxd5 13. cxd5 cxd4 14. Nxd4
Bxd4 15. Rc1 Bf5 16. Bc4 Bb2 17. Rb1 Bxb1 18. Qxb1 Bg7 19. Qxb7 Qc8 20. Qb1
Qxc4 21. Rc1 Qxd5 22. Rd1 Rfd8 23. h3 Bc3 24. Qc2 Bxd2 25. Kf1 Qd3+ 26. Qxd3
Rxd3 27. Ke2 Rd7 28. Rxd2 Rxd2+ 29. Kxd2 Kg7 0-1

[Event "Open Est 2016-2017"]
[Site "Aubagne"]
[Date "2016.10.15"]
[Round "2.16"]
[White "Timoner, Genevieve"]
[Black "Hunault, Francis"]
[Result "0-1"]
[WhiteElo "1115"]
[BlackElo "1459"]
[PlyCount "64"]
[EventDate "2016.??.??"]
[WhiteTeam "Club d'Echecs Pennois (CEP)"]
[BlackTeam "Cercle d'Echecs Aubagnais"]

1. c4 e5 2. Nc3 Nf6 3. d3 Bc5 4. e4 d6 5. h3 Be6 6. g3 Nbd7 7. Bg2 h6 8. Nge2
c6 9. Be3 a6 10. a3 b5 11. b4 Bxe3 12. fxe3 bxc4 13. d4 d5 14. Qd2 Qc7 15. Na4
Rd8 16. Nc5 Nxc5 17. bxc5 dxe4 18. Qc2 exd4 19. exd4 Bd5 20. O-O O-O 21. Kh2
Qe7 22. Nc3 Rfe8 23. Rfe1 Qc7 24. Nxe4 Bxe4 25. Bxe4 Nh5 26. Re3 Rxd4 27. Rd1
Rdxe4 28. Rxe4 Qxg3+ 29. Kh1 Qf3+ 30. Kh2 Qxe4 31. Qc3 Qe2+ 32. Kh1 Qxd1+ 0-1

[Event "Open Est 2016-2017"]
[Site "Aubagne"]
[Date "2016.10.15"]
[Round "2.17"]
[White "Roche, Alain"]
[Black "Cayrou, Fabien"]
[Result "1-0"]
[WhiteElo "1423"]
[BlackElo "1099"]
[PlyCount "129"]
[EventDate "2016.??.??"]
[WhiteTeam "Echiquier Marseillais 1872"]
[BlackTeam "Cassis Echecs"]

1. e4 e5 2. Nf3 Nc6 3. Bc4 Nf6 4. d4 exd4 5. e5 Ng4 6. O-O Bc5 7. Bxf7+ Kxf7 8.
Ng5+ Ke8 9. Qxg4 d6 10. e6 Ne5 11. Qh3 h6 12. Nf7 Qf6 13. Nxh8 Bxe6 14. Qh5+
Kd7 15. Na3 Rxh8 16. Qe2 Qg6 17. b4 Bh3 18. g3 Bxf1 19. Kxf1 Bxb4 20. Qb5+ Nc6
21. Rb1 Ba5 22. Bf4 Bb6 23. Nc4 Bc5 24. Qb3 Re8 25. a3 b6 26. Rc1 Qf5 27. Qd3
Qg4 28. Kg2 Ne5 29. Bxe5 dxe5 30. h3 Qg5 31. Re1 Qf6 32. Re4 Qc6 33. Kh2 Qd5
34. Ne3 Qd6 35. Ng4 Bxa3 36. Qb5+ c6 37. Qa6 Kd8 38. Qxa7 Bc5 39. Qa8+ Ke7 40.
Qa7+ Kf8 41. Qa6 Qd5 42. Qd3 b5 43. Qf3+ Ke7 44. Rxe5+ Qxe5 45. Nxe5 Bd6 46.
Qf7+ Kd8 47. Nxc6+ Kc8 48. Qxe8+ Kc7 49. Nxd4 b4 50. Nb5+ Kb6 51. Nxd6 g5 52.
Qb5+ Kc7 53. Ne4 h5 54. Qxb4 g4 55. c4 gxh3 56. Kxh3 Kc6 57. c5 Kd5 58. f3 h4
59. Kxh4 Ke6 60. Qb6+ Kd5 61. c6 Kc4 62. c7 Kd3 63. c8=Q Ke2 64. Qf2+ Kd3 65.
Qcc2# 1-0

[Event "Open Est 2016-2017"]
[Site "Aubagne"]
[Date "2016.10.15"]
[Round "2.18"]
[White "Veith, Irene"]
[Black "Blanc, Maxime"]
[Result "0-1"]
[WhiteElo "1072"]
[BlackElo "1422"]
[PlyCount "74"]
[EventDate "2016.??.??"]
[WhiteTeam "La Ciotat Echecs (LCE)"]
[BlackTeam "Cassis Echecs"]

1. Nc3 Nc6 2. Nf3 g6 3. d4 d5 4. h3 Bg7 5. e4 dxe4 6. Nxe4 Nxd4 7. Be3 Nxf3+ 8.
Qxf3 c6 9. c3 Nf6 10. Bc4 O-O 11. Rd1 Qc7 12. O-O Nxe4 13. Qxe4 Bf5 14. Qh4 b5
15. Bf4 e5 16. g4 exf4 17. Bd3 Bxd3 18. Rxd3 Qe5 19. Rdd1 Bf6 20. Rde1 Qxe1 21.
Rxe1 Bxh4 22. Re4 Bg5 23. Kg2 Rfe8 24. Rd4 Rad8 25. b4 Rxd4 26. cxd4 Re2 27. a3
Bh4 28. Kf3 Rxf2+ 29. Ke4 Rf1 30. Ke5 f3 31. Kf4 f2 32. g5 Rd1 33. Ke5 f1=Q 34.
Kd6 Rxd4+ 35. Kxc6 Qc4+ 36. Kb7 Rd7+ 37. Ka8 Qc8# 0-1

[Event "Open Est 2016-2017"]
[Site "Aubagne"]
[Date "2016.10.15"]
[Round "2.19"]
[White "Benezra, David"]
[Black "Tramarin, Matteo"]
[Result "1-0"]
[WhiteElo "1418"]
[BlackElo "1050"]
[PlyCount "55"]
[EventDate "2016.??.??"]
[WhiteTeam "L'Echiquier du Roy René"]
[BlackTeam "Cercle d'Echecs Aubagnais"]

1. e4 d5 2. exd5 Qxd5 3. Nf3 Nf6 4. d4 Bf5 5. c4 Qa5+ 6. Nc3 e6 7. a3 c6 8. Be2
a6 9. O-O Qc7 10. Nh4 Bg4 11. Bxg4 Nxg4 12. Qxg4 h5 13. Qe2 Nd7 14. d5 O-O-O
15. dxe6 Nf6 16. exf7 Ng4 17. g3 Qxf7 18. Nf3 Re8 19. Ng5 Qd7 20. Qc2 Ne5 21.
Bf4 Rg8 22. Rad1 Qg4 23. Bxe5 Rxe5 24. Nf7 Rf5 25. Qd2 Be7 26. Qd7+ Kb8 27. Nd6
h4 28. Qxb7# 1-0

[Event "Open Est 2016-2017"]
[Site "Aubagne"]
[Date "2016.10.15"]
[Round "2.20"]
[White "Lognos, Lina"]
[Black "Bui, Christopher"]
[Result "0-1"]
[WhiteElo "1062"]
[BlackElo "1313"]
[PlyCount "110"]
[EventDate "2016.??.??"]
[WhiteTeam "Cercle d'Echecs Aubagnais"]
[BlackTeam "Cercle d'Echecs Aubagnais"]

1. c4 e5 2. Nc3 Nf6 3. d3 c6 4. Nf3 Qc7 5. e4 d6 6. h3 h6 7. a4 Be6 8. Be2 Be7
9. O-O O-O 10. b4 Nbd7 11. b5 cxb5 12. Nxb5 Qc6 13. Be3 a6 14. Nc3 Rfe8 15. Qc2
(15. Nd5 {un Nbien placé} Rac8 16. Qb1) 15... Nf8 16. d4 Bxc4 17. d5 Qc7 18.
Rac1 Bxe2 19. Qxe2 Qa5 20. Qb2 Qc7 21. Rb1 Reb8 22. Bb6 Qd7 23. Rfc1 Bd8 24. a5
Bxb6 25. Qxb6 Ng6 26. Nd2 Nf4 27. Rb4 Nd3 28. Rc4 Nxc1 29. Rc7 Qd8 30. Na4 Ne2+
31. Kf1 Nd4 32. Rxb7 Qxb6 33. Rxb6 Rxb6 34. axb6 Nd7 35. Nc4 Nb5 36. Na5 Rc8
37. Nc6 Kf8 38. b7 Rc7 39. b8=Q+ Nxb8 40. Nxb8 Rc4 41. Nd7+ Ke7 42. Nab6 Rxe4
43. Nb8 a5 44. Nc6+ Kf6 45. Nxa5 Rb4 46. Nb7 Rb1+ 47. Ke2 Nd4+ 48. Kd3 Rxb6 49.
Nd8 Ke7 50. Nc6+ Nxc6 51. dxc6 Rxc6 52. Ke4 g6 53. g3 f5+ 54. Kd5 Kd7 55. f3
Rc5# 0-1

[Event "Open Est 2016-2017"]
[Site "Aubagne"]
[Date "2016.10.15"]
[Round "2.21"]
[White "Guidini, Rene"]
[Black "Masson, Wally"]
[Result "1-0"]
[WhiteElo "1600"]
[BlackElo "1191"]
[PlyCount "67"]
[EventDate "2016.??.??"]
[WhiteTeam "Cercle d'Echecs Aubagnais"]
[BlackTeam "Cercle d'Echecs Aubagnais"]

1. e4 e5 2. f4 Nc6 3. Nf3 d6 4. c3 Nf6 5. d3 Bg4 6. Be2 Qd7 7. O-O g6 8. Be3
Bh6 9. Qd2 O-O-O 10. Na3 exf4 11. Bxf4 Bxf3 12. Bxf3 Bf8 13. Rad1 h6 14. h3 g5
15. Bg3 Ne5 16. Qf2 Nxf3+ 17. Qxf3 Qe6 18. Qxf6 Rh7 19. Rf2 d5 20. e5 d4 21. c4
c5 22. Rdf1 Be7 23. Qxe6+ fxe6 24. Rf7 Rxf7 25. Rxf7 Bf8 26. Nb5 Kb8 27. Nd6
Bxd6 28. exd6 Kc8 29. Rc7+ Kb8 30. d7 a6 31. Rc8+ Ka7 32. Rxd8 b5 33. Rb8 bxc4
34. d8=Q 1-0

[Event "Open Est 2016-2017"]
[Site "Aubagne"]
[Date "2016.10.15"]
[Round "2.23"]
[White "Ghazarian, David"]
[Black "Garbe, Georges"]
[Result "1-0"]
[WhiteElo "1546"]
[BlackElo "1216"]
[PlyCount "51"]
[EventDate "2016.??.??"]
[WhiteTeam "Cercle d'Echecs Aubagnais"]
[BlackTeam "Cercle d'Echecs Aubagnais"]

1. e4 c5 2. Nf3 Nc6 3. Nc3 d6 4. Bb5 g6 5. d4 Bg7 6. dxc5 dxc5 7. Qxd8+ Kxd8 8.
Ng5 Be6 9. Nxe6+ fxe6 10. O-O Kc7 11. Be3 b6 12. Rad1 Nf6 13. e5 Nxe5 14. Bf4
Nd5 15. Nxd5+ Kd6 16. Nxb6+ Kc7 17. Nxa8+ Rxa8 18. Rfe1 Kb6 19. Bxe5 Kxb5 20.
Bxg7 Kb6 21. Rxe6+ Kc7 22. Rxe7+ Kc8 23. Rd5 Rb8 24. Rxc5+ Kd8 25. Rcc7 Rc8 26.
Rcd7# 1-0

[Event "Open Est 2016-2017"]
[Site "Aubagne"]
[Date "2016.10.15"]
[Round "2.25"]
[White "Morata, Serge"]
[Black "Bartolini, Manuela"]
[Result "1-0"]
[WhiteElo "1240"]
[BlackElo "1399"]
[PlyCount "139"]
[EventDate "2016.??.??"]
[WhiteTeam "Cercle d'Echecs Aubagnais"]
[BlackTeam "Cercle d'Echecs Aubagnais"]

1. e4 d6 2. d4 g6 3. Nf3 Nd7 4. Be2 Bg7 5. Be3 Ngf6 6. Nc3 O-O 7. Qd2 Re8 8.
O-O-O c6 9. Ng5 e5 10. Bc4 d5 11. exd5 cxd5 12. Nxd5 h6 13. Nxf6+ Qxf6 14.
Bxf7+ Kh8 15. Bxe8 h5 16. h4 Qa6 17. Kb1 b5 18. Nf7+ Kh7 19. Bh6 Qf6 20. Ng5+
Kg8 21. Bf7+ Kf8 22. Qb4+ Qe7 23. Qxe7+ Kxe7 24. Bxg7 Bb7 25. d5 Kd6 26. Ne4+
Kc7 27. Bxg6 a5 28. d6+ Kb6 29. Bxe5 Nxe5 30. d7 Rd8 31. Bh7 Bc6 32. Rd6 Nxd7
33. Rhd1 Rh8 34. Bf5 Ne5 35. f4 Nc4 36. Rf6 Ne3 37. Rdd6 Nxf5 38. Rxf5 Rc8 39.
Nc3 Re8 40. b3 Re7 41. Rxb5+ Kc7 42. Rh6 Re1+ 43. Kb2 Bxb5 44. Nxb5+ Kb7 45.
Rxh5 Kb6 46. a4 Re2 47. Rg5 Rf2 48. g3 Rf3 49. Nd4 Re3 50. h5 Re1 51. h6 Rh1
52. Rg6+ Kc5 53. Nf5 Kd5 54. Ne7+ Ke4 55. Nc6 Kf5 56. Ne5 Ke4 57. Ra6 Ke3 58.
Rxa5 Rxh6 59. Ng4+ Kf3 60. Nxh6 Kxg3 61. f5 Kf3 62. f6 Ke4 63. Rf5 Kd4 64. c3+
Ke4 65. a5 Kd3 66. c4 Ke4 67. f7 Kd3 68. f8=Q Ke4 69. Qe8+ Kd3 70. Rd5# 1-0

[Event "Open Est 2016-2017"]
[Site "Aubagne"]
[Date "2016.10.15"]
[Round "2.26"]
[White "Burnel, Marie-France"]
[Black "Soulet, Julia"]
[Result "0-1"]
[WhiteElo "1399"]
[BlackElo "1183"]
[PlyCount "46"]
[EventDate "2016.??.??"]
[WhiteTeam "Cercle d'Echecs Aubagnais"]
[BlackTeam "Cassis Echecs"]

1. e4 e5 2. Nf3 Nf6 3. Nc3 Nc6 4. b3 Bc5 5. h3 a6 6. Bb2 O-O 7. Bc4 b5 8. Bd5
Bb7 9. Bxc6 Bxc6 10. Nxe5 Bxe4 11. Nxe4 Nxe4 12. Nd3 Bb6 13. Qe2 Re8 14. O-O-O
Nxf2 15. Qf3 Nxh1 16. Rxh1 c6 17. Qg3 g6 18. Qf3 Ba5 19. Rf1 Qe7 20. Re1 Qxe1+
21. Nxe1 Rxe1+ 22. Qd1 Rxd1+ 23. Kxd1 Re8 0-1

[Event "Open Est 2016-2017"]
[Site "Aubagne"]
[Date "2016.10.15"]
[Round "2.27"]
[White "Cescon, Angelo"]
[Black "De Laurentis, Pierre"]
[Result "1-0"]
[WhiteElo "1230"]
[BlackElo "1399"]
[PlyCount "63"]
[EventDate "2016.??.??"]
[WhiteTeam "Club d'Echecs Pennois (CEP)"]
[BlackTeam "Cassis Echecs"]

1. e4 d6 2. d4 Nf6 3. Nc3 g6 4. Nf3 Bg7 5. Bc4 O-O 6. O-O c5 7. dxc5 dxc5 8.
Qxd8 Rxd8 9. Ng5 e6 10. Bf4 Rd4 11. b3 a6 12. Rad1 b5 13. Be2 Nc6 14. Be3 Nb4
15. Bxd4 cxd4 16. Rxd4 Nxc2 17. Rd8+ Bf8 18. e5 Nd7 19. Bf3 Nxe5 20. Bxa8 h6
21. Rxc8 hxg5 22. Ne4 Kg7 23. Rxc2 Ng4 24. h3 Nf6 25. Nxf6 Kxf6 26. Rc6 Kf5 27.
Rxa6 b4 28. Re1 e5 29. Ra5 f6 30. Be4+ Kf4 31. Bxg6 Bd6 32. Re4# 1-0

[Event "Open Est 2016-2017"]
[Site "Aubagne"]
[Date "2016.10.15"]
[Round "2.28"]
[White "Pietrac, Christian"]
[Black "Fortoul, Alain"]
[Result "0-1"]
[WhiteElo "1205"]
[BlackElo "1399"]
[PlyCount "116"]
[EventDate "2016.??.??"]
[WhiteTeam "Club d'Echecs de Miramas"]
[BlackTeam "Club d'Echecs Pennois (CEP)"]

1. Nf3 c5 2. d3 Nc6 3. g3 d6 4. Bg2 g6 5. Bg5 Bg7 6. c3 Nf6 7. Qd2 Bd7 8. Bh6
O-O 9. O-O b6 10. Bxg7 Kxg7 11. Qf4 h6 12. Nbd2 a5 13. a4 Rb8 14. e4 e5 15. Qe3
Qc7 16. Nb3 Be6 17. Nfd2 Rfd8 18. f4 exf4 19. Qxf4 Qe7 20. h3 Nh5 21. Qe3 Ne5
22. g4 Nf6 23. Rf2 Rf8 24. Raf1 Nh7 25. d4 Nc4 26. Qg3 Nxb2 27. d5 Bd7 28. Rb1
Nxa4 29. Nc4 Rbe8 30. Nxd6 Qe5 31. Nxe8+ Rxe8 32. Rf4 Qxc3 33. Qxc3+ Nxc3 34.
Rbf1 Ne2+ 35. Kh2 Nxf4 36. Rxf4 a4 37. Nd2 a3 38. Nc4 a2 39. Rf1 Bb5 40. Ra1
Bxc4 41. Bf1 Rxe4 42. Bxc4 Rxc4 43. Rxa2 Rd4 44. Ra6 Rxd5 45. Rxb6 Rd3 46. Rb1
c4 47. Rc1 c3 48. Kg1 Kf6 49. Kf2 Rxh3 50. Ke2 Kg5 51. Rc2 Rh2+ 52. Kd3 Rxc2
53. Kxc2 Nf6 54. Kxc3 Kxg4 55. Kd3 Kf3 56. Kd4 h5 57. Ke5 Ng4+ 58. Kd6 h4 0-1

[Event "Open Est 2016-2017"]
[Site "Aubagne"]
[Date "2016.10.15"]
[Round "2.29"]
[White "Turpin, Isabelle"]
[Black "Hours, Evelyne"]
[Result "1-0"]
[WhiteElo "1195"]
[BlackElo "1399"]
[PlyCount "46"]
[EventDate "2016.??.??"]
[WhiteTeam "Cercle d'Echecs Aubagnais"]
[BlackTeam "Club d'Echecs Pennois (CEP)"]

1. d4 g6 2. Nf3 Bg7 3. e4 Nf6 4. Bd3 d6 5. b3 O-O 6. Bb2 Bg4 7. h3 Bxf3 8. gxf3
Nbd7 9. Nd2 c5 10. e5 Nd5 11. a3 dxe5 12. c4 Nf4 13. Bf1 cxd4 14. Qc2 Qc7 15.
O-O-O Rab8 16. Ne4 Rfc8 17. h4 Nc5 18. h5 Nxh5 19. Bh3 f5 20. Bxf5 Nf4 21. Bxc8
d3 22. Be6+ Kh8 23. Rxd3 Ncxd3+ {sur les feuilles il y a Ng5 hors il y a échecs
} 1-0

[Event "Open Est 2016-2017"]
[Site "Aubagne"]
[Date "2016.10.15"]
[Round "2.31"]
[White "Denis, Karine"]
[Black "Lang, Alexendre"]
[Result "0-1"]
[WhiteElo "1150"]
[BlackElo "1399"]
[PlyCount "74"]
[EventDate "2016.??.??"]
[WhiteTeam "Marseille Passion Echecs"]
[BlackTeam "Cassis Echecs"]

1. e4 g6 2. Nf3 Bg7 3. Bc4 e6 4. d4 Ne7 5. Bg5 Nbc6 6. Nc3 h6 7. Bh4 g5 8. Bg3
a6 9. O-O d6 10. d5 Na5 11. Bb3 Nxb3 12. axb3 e5 13. Qb1 f5 14. h3 f4 15. Bh2
Bf6 16. Qa2 Bd7 17. Kh1 h5 18. Ne2 g4 19. Nd2 gxh3 20. Rg1 hxg2+ 21. Rxg2 Bg4
22. f3 Bh3 23. Rgg1 Rg8 24. Rgc1 Bg2+ 25. Kg1 Bxf3+ 26. Bg3 Bxe2 27. Kf2 Rxg3
28. Rh1 Bg4 29. Qa4+ Qd7 30. Qb4 b5 31. c4 bxc4 32. Qxc4 a5 33. b4 a4 34. b5
Re3 35. Kg1 Bf3 36. Kh2 Re2+ 37. Kg1 Qg4+ 0-1

[Event "Open Est 2016-2017"]
[Site "Aubagne"]
[Date "2016.10.15"]
[Round "2.32"]
[White "Pignol, Jeanne"]
[Black "Rando, Mathias"]
[Result "0-1"]
[WhiteElo "1399"]
[BlackElo "1170"]
[PlyCount "68"]
[EventDate "2016.??.??"]
[WhiteTeam "Club d'Echecs Pennois (CEP)"]
[BlackTeam "Club Provence Echecs"]

1. e4 e5 2. Nf3 Nc6 3. Bc4 h6 4. Nc3 Nf6 5. d3 d6 6. h3 Na5 7. b3 c6 8. b4 d5
9. bxa5 dxc4 10. Rb1 Qxa5 11. Nd2 Qxc3 12. O-O Bc5 13. Bb2 Qa5 14. Ra1 c3 15.
Nc4 Qd8 16. Bxc3 h5 17. Bxe5 Bg4 18. hxg4 Nxg4 19. Qf3 Qh4 20. Qh3 Bxf2+ 21.
Kh1 Qg5 22. Nd6+ Kf8 23. Rab1 h4 24. Rfd1 f6 25. Bc3 Rd8 26. Be1 Qf4 27. Bxf2
Nxf2+ 28. Kg1 Nxh3+ 29. gxh3 Qg3+ 30. Kh1 Qxd6 31. Re1 Rh5 32. Rbd1 Ra5 33. d4
Qe6 34. Rg1 Qxh3# 0-1

[Event "Open Est 2016-2017"]
[Site "Aubagne"]
[Date "2016.10.15"]
[Round "2.33"]
[White "Vidal, Jean-Pierre"]
[Black "Piquemal, Jean Christophe"]
[Result "0-1"]
[WhiteElo "1399"]
[BlackElo "1150"]
[PlyCount "72"]
[EventDate "2016.??.??"]
[WhiteTeam "Club d'Echecs Pennois (CEP)"]
[BlackTeam "Marseille Echecs"]

1. c4 e5 2. Nc3 Nf6 3. e4 Nc6 4. Nge2 g6 5. g3 Bg7 6. Bg2 O-O 7. O-O Re8 8. d3
d6 9. Be3 Ng4 10. Bd2 Nd4 11. Nxd4 exd4 12. Ne2 c5 13. a3 Qb6 14. b4 Ne5 15.
Qc2 a6 16. Nf4 Qd8 17. Nd5 b5 18. cxb5 axb5 19. a4 Rxa4 20. Rxa4 bxa4 21. Ra1
Bd7 22. f4 Ng4 23. b5 Bxb5 24. Bh3 h5 25. Bxg4 hxg4 26. Ra3 f5 27. Qb1 Bc6 28.
Nb6 fxe4 29. Nxa4 e3 30. Be1 Bf3 31. Qa2+ Kf8 32. Rb3 e2 33. Rb6 Re3 34. Ra6
Qe8 35. Rxd6 Rxd3 36. Nb2 Qe3+ 0-1

[Event "Open Est 2016-2017"]
[Site "Aubagne"]
[Date "2016.10.15"]
[Round "2.34"]
[White "Delaplace, Mathias"]
[Black "Denis, Alexandra"]
[Result "0-1"]
[WhiteElo "1028"]
[BlackElo "1341"]
[PlyCount "80"]
[EventDate "2016.??.??"]
[WhiteTeam "Marseille Echecs"]
[BlackTeam "Marseille Passion Echecs"]

1. e4 c5 2. Nf3 e6 3. Nc3 Nc6 4. Bc4 b6 5. O-O g6 6. d3 Bg7 7. Bd2 Nge7 8. Qe2
O-O 9. Bg5 Bb7 10. Qd2 Ne5 11. Nxe5 Bxe5 12. Bh6 Bg7 13. Bxg7 Kxg7 14. f4 d5
15. Rfe1 dxc4 16. Ne2 cxd3 17. Qc3+ Kg8 18. cxd3 Qd6 19. Red1 Rad8 20. d4 Bxe4
21. Qe3 Bb7 22. Qe5 Qc6 23. d5 Nxd5 24. Qe4 Rd7 25. Nc3 Rfd8 26. Nxd5 Rxd5 27.
Rxd5 Rxd5 28. g3 c4 29. Kf1 Rd2 30. Qxc6 Bxc6 31. Rc1 Bb5 32. Kg1 Rxb2 33. Ra1
c3 34. Rc1 c2 35. Kf2 Rxa2 36. Ke3 Ba4 37. Kd3 Rb2 38. Kc3 Rb1 39. Rxc2 Bxc2
40. Kxc2 Rb5 0-1

[Event "Open Est 2016-2017"]
[Site "Aubagne"]
[Date "2016.10.15"]
[Round "2.35"]
[White "Boudet, Nicole"]
[Black "Benezra, Silke"]
[Result "0-1"]
[WhiteElo "1160"]
[BlackElo "1340"]
[PlyCount "72"]
[EventDate "2016.??.??"]
[WhiteTeam "Cercle d'Echecs Aubagnais"]
[BlackTeam "L'Echiquier du Roy René"]

1. e4 e5 2. Nf3 Nc6 3. d4 exd4 4. Nxd4 Bc5 5. Be3 d6 6. Bc4 Nxd4 7. Bxd4 Nf6 8.
Bxc5 dxc5 9. Qxd8+ Kxd8 10. Nc3 Ke7 11. Nd5+ Nxd5 12. Bxd5 Rb8 13. O-O Bg4 14.
f3 Bd7 15. Rfe1 Bb5 16. a4 Ba6 17. b3 c6 18. Bc4 Bxc4 19. bxc4 Rbd8 20. Kf2
Rd2+ 21. Ke3 Rxg2 22. Re2 Rxe2+ 23. Kxe2 Rd8 24. Rg1 g6 25. Rg5 b6 26. Rg4 Rd4
27. e5 Ke6 28. c3 Rxg4 29. fxg4 Kxe5 30. Ke3 f5 31. g5 Kd6 32. Kf3 Kc7 33. h4
Kb7 34. Kg3 Ka6 35. h5 Ka5 36. Kf3 Kxa4 0-1

[Event "Open Est 2016-2017"]
[Site "Aubagne"]
[Date "2016.10.15"]
[Round "2.36"]
[White "Ulloa, Philippe"]
[Black "Coppel, Victor"]
[Result "1-0"]
[WhiteElo "1325"]
[BlackElo "1120"]
[PlyCount "61"]
[EventDate "2016.??.??"]
[WhiteTeam "Club d'Echecs Pennois (CEP)"]
[BlackTeam "L'Echiquier du Roy René"]

1. d4 d5 2. c4 Nf6 3. Nc3 e6 4. a3 Nc6 5. Nf3 g6 6. Bg5 Be7 7. Bh6 Ne4 8. cxd5
exd5 9. Qc2 Bf5 10. Qb3 Nxc3 11. bxc3 Qd7 12. Qxb7 Rb8 13. Qa6 Rb6 14. Qa4 Rb2
15. Qd1 Na5 16. Nd2 Qe6 17. Bg7 Bd3 18. Bxh8 Nc4 19. Nxc4 Bxe2 20. Qa4+ Kf8 21.
Ne5 Bd6 22. Bxe2 Bxe5 23. dxe5 Qf5 24. Qd1 Qe4 25. O-O Rxe2 26. Re1 Rxe1+ 27.
Qxe1 Qg4 28. Bf6 h6 29. Rb1 Kg8 30. Rb8+ Kh7 31. Rh8# 1-0

[Event "Open Est 2016-2017"]
[Site "Aubagne"]
[Date "2016.10.15"]
[Round "2.37"]
[White "Gianfranceschi, Gerard"]
[Black "Rieu, Jean"]
[Result "0-1"]
[WhiteElo "1040"]
[BlackElo "1320"]
[PlyCount "101"]
[EventDate "2016.??.??"]
[WhiteTeam "Cercle d'Echecs Aubagnais"]
[BlackTeam "U.S.C.M."]

1. d4 b6 2. c4 e6 3. Nc3 Bb4 4. Bd2 Bb7 5. e4 Bxc3 6. Bxc3 Bxe4 7. Qe2 Nf6 8.
f3 Bb7 9. O-O-O Nh5 10. d5 Nf4 11. Qe5 Ng6 12. Qxg7 Rf8 13. Qxh7 Na6 14. Qg7
Nc5 15. Bb4 a5 16. Bc3 e5 17. Re1 d6 18. f4 Na4 19. Rxe5+ dxe5 20. Bxe5 Qe7 21.
Nf3 O-O-O 22. f5 Rg8 23. Qf6 Qxf6 24. Bxf6 Nf4 25. g3 Rd6 26. Be5 Nxd5 27. cxd5
Rxd5 28. Bc4 Rc5 29. b3 Bxf3 30. b4 axb4 31. Kc2 Rxc4+ 32. Kb3 b5 33. Rf1 Bd5
34. Rd1 Rd4+ 35. Kc2 Rxd1 36. Kxd1 Rd8 37. a3 Nc3+ 38. Kc2 Be4+ 39. Kb3 Rd3 40.
Kxb4 Nd1 41. Kxb5 Rd5+ 42. Kb4 Rxe5 43. Kb3 Bxf5 44. Ka2 c5 45. Ka1 Nc3 46. Kb2
Ne2 47. Kb3 Be6+ 48. Kb2 c4 49. Kb1 c3 50. Ka1 c2 51. Kb2 0-1